Responses for Show #9021 - Monday, January 22, 2024

2024 Champions Wildcard Group 1 quarterfinal game 5.

Contestants

[<< previous game]

Ron Cheung, an economics professor from Lakewood, Ohio

Daniel Moore, a contract compliance analyst from Pittsburgh, Pennsylvania

Holly Hassel, an English professor from Calumet, Michigan

[next game >>]

Jeopardy! Round responses

WHAT A "DAY"
LETTERS OF THE LAW
WORD ORIGINS
THE JOB IS THE MOVIE TITLE
IT'S GETTING COLD IN HERRE
SO PUT ON ALL YOUR CLOTHES
    $200 23
Super Tuesday

Ron
    $200 30
felony

Ron
    $200 29
planets

Ron
    $200 16
Anchorman

Holly
    $200 28
Hel

Daniel
    $200 25
the vest

Daniel
    $400 22
the St. Valentine's Day Massacre

Daniel
    $400 20
(Ken: The [*] defense, yes.)

Twinkie

Ron
    $400 17
cider

Holly
    $400 26
The Wedding Singer

Daniel
    $3,000 27
Minneapolis & St. Paul

Daniel
    $400 24
boa

Daniel
    $600 21
(Daniel: What is Vietnam?)

Earth Day

Daniel
Triple Stumper
    $600 8
larceny

Ron
    $600 11
(Ken: Yes, Ceres.)

cereal

Ron
    $600 1
The Bodyguard

Holly
    $600 18
Greenland

Daniel
    $600 13
smoking

Daniel
    $800 5
D-Day

Daniel
    $800 7
recusal

Holly
    $800 9
amateur

Ron
    $800 2
(Ron: What is Boxer?)

The Wrestler

DanielRon
    $800 19
Alaska

Daniel
    $800 12
(Holly: What is nylon?)

fishnet

Holly
Triple Stumper
    $1000 4
Bloody Sunday

Daniel
    $1000 6
a codicil

Holly
    $1000 10
mermaids

Holly
    $1000 3
The Accountant

Daniel
    $1000 15
Reykjavik

Daniel
    $1000 14
(Ron: What is tam?)
(Daniel: What is a... beret?)

a Balmoral

DanielRon
Triple Stumper

Scores at the first commercial break (after clue 15):

Holly Daniel Ron
$2,600 $4,200 $200

Scores at the end of the Jeopardy! Round:

Holly Daniel Ron
$3,200 $9,600 $1,200

Double Jeopardy! Round responses

SHORT STORIES
TEMPERA-MENTAL ARTISTS
THIS CATEGORY IS "MID"
(Ken: Each response will begin with those three letters.)
WHOSE WHAT
AVIATION PIONEERS
JUKEBOX MUSICALS
    $400 27
Miss Marple

Holly
    $400 25
canvas

Holly
    $400 22
midwifery

Holly
    $400 29
Pandora's box

Ron
    $400 30
(Holly: What is the Atlantic Ocean?)

the English Channel

HollyDaniel
    $400 28
Queen

Ron
    $800 23
(Ron: What is... an ant?)
...
(Ken: Yeah, the [*] effect.)

a butterfly

HollyRon
    $800 9
Dune

Ron
    $3,000 11
(Ken: You had a smile of recognition there, Ron, but I'm not gonna ask.)

midlife crisis

Ron
    $800 12
Halley's Comet

Holly
    $800 20
loop the loop

Ron
    $800 14
Britney Spears

Daniel
    $1200 2
Steinbeck

Holly
    $1200 8
Enigma

Holly
    $1200 1
midge

Holly
    $1200 5
Schindler's List

Ron
    $1200 19
Pasadena

Daniel
    $1200 13
Gloria Estefan

Triple Stumper
    $1600 3
Salinger

Holly
    $1600 24
the Eucharist

Ron
    $1600 6
Midgard

Daniel
    $1600 10
the Time Traveler's Wife

Triple Stumper
    $1600 18
Rand McNally

Daniel
    $1600 16
(Ron: What is Prince?)

Bob Dylan

Ron
Triple Stumper
    $2000 4
(Ken: What's the viral short story, [*]?)

"Cat Person"

Triple Stumper
    $2000 26
Andrew Wyeth

Triple Stumper
    $2000 7
(Daniel: What is the Midsra?)

Midrash

DanielRon
    $5,000 21
the Jehovah's Witnesses

Ron
    $2000 17
(Holly: Who is Hughes?)

(Clyde) Cessna

Holly
Triple Stumper
    $2000 15
(Ken: Named after one of the songs of, [*].)

Neil Diamond

Triple Stumper

Scores at the end of the Double Jeopardy! Round:

Holly Daniel Ron
$8,800 $13,200 $14,000

[wagering suggestions for these scores]

Final Jeopardy! Round responses

PRESIDENTS & VICE PRESIDENTS
(Ken: [To Holly] I also thought Andrew Jackson was from Tennessee, but born in the Carolinas, in fact.)
...
(Ken: [To Ron] No, that's one of the original colonies.)
...
(Ken: Abraham Lincoln, the first president not born in one of the 13 colonies.)
HollyWhat is Tennessee?
$8,700
DanielWhat is Tennesee
$13,200
RonWhat is New Hampshire?
$12,401
Kentucky

Final scores:

Holly Daniel Ron
$100 $0 $1,599
2nd place: $5,000 3rd place: $5,000 Winner: semifinalist

Game dynamics:

Coryat scores:

Holly Daniel Ron
$8,800 $10,600 $8,800
15 R,
3 W
19 R
(including 1 DD),
3 W
16 R
(including 2 DDs),
4 W

Combined Coryat: $28,200

[game clues] [game scores] [suggest correction]

Game tape date: 2024-01-04
The J! Archive is created by fans, for fans. Scraping, republication, monetization, and malicious use prohibited; this site may use cookies and collect identifying information. See terms. The Jeopardy! game show and all elements thereof, including but not limited to copyright and trademark thereto, are the property of Jeopardy Productions, Inc. and are protected under law. This website is not affiliated with, sponsored by, or operated by Jeopardy Productions, Inc. Join the discussion at JBoard.tv.